[Event "26. Copenhagen Open  (Politiken Cup)"]
[Site "Taastrup"]
[Date "2004.07.24"]
[Round "1"]
[White "Konstatinov, Maxim"]
[Black "Nielsen, Steffen"]
[Result "0-1"]
[WhiteElo "1517"]
[BlackElo "2124"]
[PlyCount "58"]
[EventDate "2004.07.24"]
[EventType "swiss"]
[EventRounds "10"]
[EventCountry "DEN"]
[SourceDate "2004.01.01"]

1. d4 Nf6 2. c4 g6 3. Nc3 Bg7 4. e4 O-O 5. Be2 d6 6. Nf3 e5 7. O-O Nc6 8. Re1
exd4 9. Nxd4 Re8 10. Nxc6 bxc6 11. Bf1 c5 12. Rb1 Bb7 13. Bg5 h6 14. Bxf6 Bxf6
15. Nd5 Bd4 16. Kh1 Bxf2 17. Re2 Bd4 18. b4 Bxd5 19. exd5 Qh4 20. b5 Be5 21. g4
Re7 22. Qd2 Rae8 23. Rbe1 Bxh2 24. Rxh2 Qxe1 25. Qf4 Qe4+ 26. Qxe4 Rxe4 27.
Rxh6 Rxg4 28. Rh2 Re1 29. Rf2 Rxc4 0-1

[Event "26. Copenhagen Open  (Politiken Cup)"]
[Site "Taastrup"]
[Date "2004.07.24"]
[Round "1"]
[White "Kotiranta, Vinni"]
[Black "Nielsen, Morten"]
[Result "0-1"]
[WhiteElo "1150"]
[BlackElo "2075"]
[PlyCount "104"]
[EventDate "2004.07.24"]
[EventType "swiss"]
[EventRounds "10"]
[EventCountry "DEN"]
[SourceDate "2004.01.01"]

1. Nf3 d5 2. g3 b6 3. Bg2 Bb7 4. d3 g6 5. Nbd2 Nf6 6. O-O Bg7 7. Re1 h6 8. d4
Nbd7 9. c3 O-O 10. h3 Ne4 11. Nh2 f5 12. Ndf1 e5 13. f3 Nef6 14. b4 a5 15. b5
c6 16. a4 Rc8 17. Bd2 cxb5 18. axb5 Ne8 19. Ra2 exd4 20. cxd4 Bxd4+ 21. Be3 Bg7
22. Bd4 Bxd4+ 23. Qxd4 Qf6 24. Qd2 Rc5 25. Rc1 Rxb5 26. Qxh6 g5 27. Qxf6 Rxf6
28. Ra4 Nc5 29. Ra3 d4 30. f4 Bxg2 31. Kxg2 gxf4 32. Nf3 Ne6 33. Rc8 Kf7 34. h4
Nd6 35. Rc6 Ne4 36. N1d2 fxg3 37. Nxe4 fxe4 38. Ng5+ Nxg5 39. Rxf6+ Kxf6 40.
hxg5+ Rxg5 41. Ra4 Ke5 42. Rc4 Kd5 43. Rc8 d3 44. e3 Rg6 45. Rc1 a4 46. Rb1 Kc4
47. Rxb6 Rxb6 48. Kxg3 a3 49. Kf4 a2 50. Kxe4 a1=Q 51. Kf4 Qf1+ 52. Ke4 Re6#
0-1

[Event "26. Copenhagen Open  (Politiken Cup)"]
[Site "Taastrup"]
[Date "2004.07.24"]
[Round "1"]
[White "Laato, Antti"]
[Black "Lund-Petersen, Rasmus"]
[Result "1-0"]
[WhiteElo "2210"]
[BlackElo "1678"]
[PlyCount "43"]
[EventDate "2004.07.24"]
[EventType "swiss"]
[EventRounds "10"]
[EventCountry "DEN"]
[SourceDate "2004.01.01"]

1. e4 e5 2. Nf3 Nf6 3. d4 Nxe4 4. Bd3 d5 5. Nxe5 Nd7 6. Qe2 Qe7 7. Bf4 Nxe5 8.
Bxe5 Nd6 9. Nc3 Be6 10. O-O-O O-O-O 11. Rhe1 Qd7 12. h3 h5 13. Qf3 Qc6 14. Bxd6
Qxd6 15. Bf5 Qd7 16. Bxe6 fxe6 17. Re5 h4 18. Rde1 Rh6 19. Qg4 Rf6 20. f3 Bd6
21. Rxe6 Rf4 22. Rxd6 1-0

[Event "26. Copenhagen Open  (Politiken Cup)"]
[Site "Taastrup"]
[Date "2004.07.24"]
[Round "1"]
[White "Laato, Samuli"]
[Black "Bronnum, Jan"]
[Result "1-0"]
[WhiteElo "1667"]
[BlackElo "2202"]
[PlyCount "133"]
[EventDate "2004.07.24"]
[EventType "swiss"]
[EventRounds "10"]
[EventCountry "DEN"]
[SourceDate "2004.01.01"]

1. e4 d5 2. exd5 Qxd5 3. Nc3 Qa5 4. d4 c6 5. Bd2 Bf5 6. Nf3 e6 7. Bc4 Nf6 8.
O-O Qc7 9. Nh4 Bg4 10. Be2 Bxe2 11. Nxe2 Bd6 12. Nf3 Nbd7 13. h3 O-O 14. c4 c5
15. b3 Rad8 16. Qc2 a6 17. Rac1 Rfe8 18. Be3 cxd4 19. Nexd4 e5 20. Nf5 Ba3 21.
Rcd1 e4 22. N3d4 Nc5 23. Ng3 Qe5 24. Rd2 Bb4 25. Rdd1 Ne6 26. Nxe6 Qxe6 27.
Rxd8 Rxd8 28. Rd1 Rxd1+ 29. Qxd1 Bd6 30. Ne2 h6 31. Qd4 Qe7 32. c5 Be5 33. Qc4
Qd8 34. Bd4 Bb8 35. Nc3 Qc7 36. Bxf6 Qh2+ 37. Kf1 Qh1+ 38. Ke2 gxf6 39. Qxe4
Be5 40. Nd1 Qh2 41. Ne3 Ba1 42. Qg4+ Kf8 43. Qc8+ Kg7 44. Qg4+ Kf8 45. Qg3 Qxg3
46. fxg3 Bd4 47. b4 h5 48. Kd3 Be5 49. g4 hxg4 50. Nxg4 Bb2 51. a4 Ke7 52. Kc4
f5 53. Ne3 Ke6 54. b5 axb5+ 55. axb5 f4 56. Ng4 f5 57. Nf2 Be5 58. Nd3 Bc7 59.
Kd4 Kd7 60. Kd5 Bb8 61. Ne5+ Ke7 62. Nc4 Kf6 63. b6 Kg5 64. Nd6 f3 65. gxf3 Kf4
66. Nxb7 Kxf3 67. c6 1-0

[Event "26. Copenhagen Open  (Politiken Cup)"]
[Site "Taastrup"]
[Date "2004.07.24"]
[Round "1"]
[White "Laato, Tuomas"]
[Black "Olsen, Aage Dalstrup"]
[Result "0-1"]
[WhiteElo "1394"]
[BlackElo "2098"]
[PlyCount "52"]
[EventDate "2004.07.24"]
[EventType "swiss"]
[EventRounds "10"]
[EventCountry "DEN"]
[SourceDate "2004.01.01"]

1. e4 c5 2. c3 d5 3. exd5 Qxd5 4. Nf3 Nf6 5. b3 Nc6 6. Bb2 Bg4 7. Be2 e6 8. c4
Qd8 9. Nc3 Be7 10. O-O O-O 11. h3 Bh5 12. Qc2 Qd7 13. Rad1 Rad8 14. d3 Bxf3 15.
Bxf3 Nd4 16. Qc1 Nxf3+ 17. gxf3 e5 18. Kh2 Bd6 19. Ne4 Qf5 20. Nxd6 Rxd6 21.
Rg1 h6 22. Qxh6 Ng4+ 23. Rxg4 Rxh6 24. Rdg1 Rg6 25. Rxg6 fxg6 26. f4 Qxf4+ 0-1

[Event "26. Copenhagen Open  (Politiken Cup)"]
[Site "Taastrup"]
[Date "2004.07.24"]
[Round "1"]
[White "Lahlum, Hans Olav"]
[Black "Ziska, Andrias"]
[Result "1-0"]
[WhiteElo "2254"]
[BlackElo "1804"]
[PlyCount "43"]
[EventDate "2004.07.24"]
[EventType "swiss"]
[EventRounds "10"]
[EventCountry "DEN"]
[SourceDate "2004.01.01"]

1. d4 Nf6 2. c4 d6 3. Nc3 g6 4. e4 Bg7 5. f3 O-O 6. Be3 e5 7. d5 a5 8. Bd3 Na6
9. Nge2 Nc5 10. Bc2 Nfd7 11. O-O f5 12. exf5 gxf5 13. Bf2 Nb6 14. b3 Bd7 15.
Ng3 Kh8 16. Rb1 Qg5 17. Qe1 Rf7 18. Be3 Qg6 19. f4 Rg8 20. Bd3 h5 21. Be2 h4
22. Bh5 1-0

[Event "26. Copenhagen Open  (Politiken Cup)"]
[Site "Taastrup"]
[Date "2004.07.24"]
[Round "1"]
[White "Larsen, Alex"]
[Black "Hyldkrog, Lars"]
[Result "0-1"]
[WhiteElo "1182"]
[BlackElo "2080"]
[PlyCount "48"]
[EventDate "2004.07.24"]
[EventType "swiss"]
[EventRounds "10"]
[EventCountry "DEN"]
[SourceDate "2004.01.01"]

1. d4 e6 2. c4 Nf6 3. Nf3 d5 4. Nc3 Bb4 5. Qa4+ Nc6 6. Bd2 Bd7 7. Qc2 O-O 8. e3
Ne7 9. Bd3 dxc4 10. Bxc4 c5 11. Bd3 Bc6 12. Ne4 Bxd2+ 13. Nexd2 cxd4 14. O-O
dxe3 15. fxe3 Rc8 16. Qd1 Qxd3 17. Qe1 Nf5 18. Ne5 Qxe3+ 19. Qxe3 Nxe3 20. Rf2
Neg4 21. Nxg4 Nxg4 22. Rf4 Nf6 23. Nc4 Bd5 24. Ne5 Rc2 0-1

[Event "26. Copenhagen Open  (Politiken Cup)"]
[Site "Taastrup"]
[Date "2004.07.24"]
[Round "1"]
[White "Larsen, Andreas"]
[Black "Nilsson, Nils Specht"]
[Result "1/2-1/2"]
[WhiteElo "1537"]
[BlackElo "2140"]
[PlyCount "78"]
[EventDate "2004.07.24"]
[EventType "swiss"]
[EventRounds "10"]
[EventCountry "DEN"]
[SourceDate "2004.01.01"]

1. b4 e5 2. Bb2 f6 3. e4 Nh6 4. a3 a5 5. b5 Bc5 6. Bc4 Qe7 7. Nc3 c6 8. Qh5+
Nf7 9. Nf3 Bxf2+ 10. Ke2 d5 11. Bxd5 cxd5 12. Kxf2 dxe4 13. Nxe4 Nd7 14. d4
exd4 15. Rhe1 Nde5 16. Nxe5 fxe5 17. Bxd4 g6 18. Qd1 Qh4+ 19. Kg1 Bf5 20. g3
Qe7 21. Bc5 Qe6 22. Nd6+ Nxd6 23. Qxd6 Qxd6 24. Bxd6 Bxc2 25. Rxe5+ Kd7 26. Bc5
Rhe8 27. Rae1 Rxe5 28. Rxe5 Re8 29. Rxe8 Kxe8 30. Kf2 Ba4 31. Bb6 Bxb5 32. Bxa5
Kd7 33. Ke3 Kc6 34. Bb4 Kd5 35. Kf4 Bd3 36. g4 h5 37. gxh5 gxh5 38. Kg5 Be2 39.
h4 b5 1/2-1/2

[Event "26. Copenhagen Open  (Politiken Cup)"]
[Site "Taastrup"]
[Date "2004.07.24"]
[Round "1"]
[White "Lauritsen, Martin Lee"]
[Black "Hector, Jonny"]
[Result "0-1"]
[WhiteElo "2040"]
[BlackElo "2515"]
[PlyCount "48"]
[EventDate "2004.07.24"]
[EventType "swiss"]
[EventRounds "10"]
[EventCountry "DEN"]
[SourceDate "2004.01.01"]

1. e4 e5 2. Nf3 Nc6 3. d4 exd4 4. Nxd4 Qf6 5. c3 Bc5 6. Be3 Qg6 7. Nd2 Nge7 8.
g3 O-O 9. Bg2 Bxd4 10. cxd4 d5 11. O-O Be6 12. a3 Rad8 13. Rc1 dxe4 14. Nxe4
Nf5 15. Nc5 Ncxd4 16. Nxb7 Bb3 17. Qe1 Rde8 18. Qd2 Qb6 19. Nc5 Rd8 20. Kh1 Bd5
21. b4 Bxg2+ 22. Kxg2 Qc6+ 23. f3 Nxf3 24. Qf2 Ng5+ 0-1

[Event "26. Copenhagen Open  (Politiken Cup)"]
[Site "Taastrup"]
[Date "2004.07.24"]
[Round "1"]
[White "Laursen, Niels Norskov"]
[Black "Radovic, Slobodan"]
[Result "1-0"]
[WhiteElo "2097"]
[BlackElo "1382"]
[PlyCount "63"]
[EventDate "2004.07.24"]
[EventType "swiss"]
[EventRounds "10"]
[EventCountry "DEN"]
[SourceDate "2004.01.01"]

1. e4 c6 2. d4 d5 3. e5 Bf5 4. Nf3 e6 5. Be2 c5 6. O-O Nc6 7. c3 cxd4 8. cxd4
Bb4 9. Nc3 Bxc3 10. bxc3 Nge7 11. Nh4 O-O 12. Nxf5 Nxf5 13. Bd3 Nfe7 14. Re1
Rc8 15. Re3 f5 16. exf6 Rxf6 17. Qe2 Qd7 18. Bd2 Rcf8 19. Rf1 a6 20. Rh3 g6 21.
Bh6 Rc8 22. Bg5 Rf7 23. Re1 Nd8 24. Qd2 Qc7 25. Be2 Nf5 26. Bg4 Qd7 27. Rf3 Ng7
28. Rfe3 Nf5 29. Re5 Ng7 30. h4 Qc7 31. g3 Qxc3 32. Qxc3 1-0

[Event "26. Copenhagen Open  (Politiken Cup)"]
[Site "Taastrup"]
[Date "2004.07.24"]
[Round "1"]
[White "Lindberg, Bengt"]
[Black "Mortensen, Henrik"]
[Result "1-0"]
[WhiteElo "2422"]
[BlackElo "2018"]
[PlyCount "95"]
[EventDate "2004.07.24"]
[EventType "swiss"]
[EventRounds "10"]
[EventCountry "DEN"]
[SourceDate "2004.01.01"]

1. e4 d5 2. exd5 Qxd5 3. Nc3 Qa5 4. d4 c6 5. Bc4 Nf6 6. Nf3 Bg4 7. h3 Bxf3 8.
Qxf3 e6 9. Bd2 Nbd7 10. O-O-O Qc7 11. Rhe1 O-O-O 12. Bb3 h6 13. g4 Nb6 14. Ne4
Nxe4 15. Rxe4 Nd5 16. c3 Nf6 17. Ree1 Bd6 18. h4 Rd7 19. g5 hxg5 20. hxg5 Nh5
21. g6 Nf4 22. gxf7 Rxf7 23. Kb1 Rh6 24. Re4 Rhf6 25. Rde1 Nd5 26. Qh3 Qd7 27.
c4 Nc7 28. Be3 b6 29. a3 Kb7 30. Qg4 Qc8 31. c5 Bf8 32. cxb6 axb6 33. Rc1 Nd5
34. Qe2 Qd7 35. Ka2 Bd6 36. Rg4 Bf4 37. Rg2 g5 38. Qd2 Rh7 39. Bxf4 gxf4 40.
Rg5 Rhf7 41. Re5 Rf5 42. Re4 Qd6 43. Qe2 R5f6 44. Re5 f3 45. Qe4 Rf4 46. Rxe6
Rxe4 47. Rxd6 Rxd4 48. Rcxc6 1-0

[Event "26. Copenhagen Open  (Politiken Cup)"]
[Site "Taastrup"]
[Date "2004.07.24"]
[Round "1"]
[White "Malmberg, Mio"]
[Black "Refsgaard, Kaj"]
[Result "1-0"]
[WhiteElo "2114"]
[BlackElo "1493"]
[PlyCount "105"]
[EventDate "2004.07.24"]
[EventType "swiss"]
[EventRounds "10"]
[EventCountry "DEN"]
[SourceDate "2004.01.01"]

1. d4 d5 2. c4 c6 3. Nc3 Nf6 4. Nf3 g6 5. e3 Bg7 6. Be2 O-O 7. O-O Nbd7 8. cxd5
cxd5 9. b3 a6 10. a4 Re8 11. Bb2 Nb6 12. h3 Ne4 13. a5 Nxc3 14. Bxc3 Nd7 15. b4
Nf6 16. Nd2 Bd7 17. Qb1 Rc8 18. Rc1 Bf5 19. Bd3 Bxd3 20. Qxd3 Qd6 21. b5 Rc7
22. Rcb1 axb5 23. Bb4 Qd7 24. Bc5 e5 25. Qxb5 exd4 26. Bxd4 Ne4 27. Qxd7 Rxd7
28. Nf3 Rc8 29. Bxg7 Kxg7 30. Nd4 Rdc7 31. Rb5 Nc3 32. Rb3 Ne4 33. Rb5 Nc3 34.
Rb2 Ne4 35. f3 Nd6 36. Nb5 Rc1+ 37. Rxc1 Rxc1+ 38. Kf2 Nc4 39. Ra2 Kf6 40. a6
bxa6 41. Rxa6+ Kg7 42. Ra2 h5 43. Nd4 h4 44. Ne2 Rd1 45. Rc2 Ne5 46. Nc3 Rd3
47. f4 Nd7 48. Ke2 Nc5 49. Na4 d4 50. Nxc5 Rxe3+ 51. Kf2 Kf6 52. Rd2 Rc3 53.
Ne4+ 1-0

[Event "26. Copenhagen Open  (Politiken Cup)"]
[Site "Taastrup"]
[Date "2004.07.24"]
[Round "1"]
[White "Manley, Christian"]
[Black "Brondum, Eric"]
[Result "0-1"]
[WhiteElo "1670"]
[BlackElo "2209"]
[PlyCount "48"]
[EventDate "2004.07.24"]
[EventType "swiss"]
[EventRounds "10"]
[EventCountry "DEN"]
[SourceDate "2004.01.01"]

1. c4 Nf6 2. Nc3 g6 3. d3 Bg7 4. g3 d5 5. Bg2 dxc4 6. Qa4+ Bd7 7. Qxc4 Bc6 8.
Nf3 O-O 9. O-O Nbd7 10. Bf4 Nb6 11. Qb3 Nbd5 12. Be5 a5 13. Nd4 Nxc3 14. Qxc3
Bxg2 15. Bxc7 Qd7 16. Kxg2 Nd5 17. Qc4 Nxc7 18. Nf3 Bxb2 19. Rab1 b5 20. Qf4
Bg7 21. Rfc1 Nd5 22. Qe4 Nc3 23. Ne5 Bxe5 24. Qxe5 Nxb1 0-1

[Event "26. Copenhagen Open  (Politiken Cup)"]
[Site "Taastrup"]
[Date "2004.07.24"]
[Round "1"]
[White "Marcussen, Johnni A"]
[Black "Hammer, Jon Ludvig"]
[Result "0-1"]
[WhiteElo "1359"]
[BlackElo "2095"]
[PlyCount "26"]
[EventDate "2004.07.24"]
[EventType "swiss"]
[EventRounds "10"]
[EventCountry "DEN"]
[SourceDate "2004.01.01"]

1. e4 e5 2. Nf3 Nf6 3. d4 Nxe4 4. Nxe5 d6 5. Nf3 d5 6. Bf4 Nc6 7. Bb5 Bd6 8.
Ne5 O-O 9. Nxc6 bxc6 10. Bxc6 Bxf4 11. Bxa8 Ba6 12. g3 Qe7 13. gxf4 Nc3+ 0-1

[Event "26. Copenhagen Open  (Politiken Cup)"]
[Site "Taastrup"]
[Date "2004.07.24"]
[Round "1"]
[White "Miezis, Normunds"]
[Black "Jaeger, Frode Bull"]
[Result "1-0"]
[WhiteElo "2502"]
[BlackElo "2035"]
[PlyCount "45"]
[EventDate "2004.07.24"]
[EventType "swiss"]
[EventRounds "10"]
[EventCountry "DEN"]
[SourceDate "2004.01.01"]

1. c4 e6 2. e4 d5 3. exd5 exd5 4. d4 Bb4+ 5. Nc3 Ne7 6. Nf3 Bg4 7. h3 Bh5 8.
Bd3 Nbc6 9. Be3 dxc4 10. Bxc4 O-O 11. O-O Nf5 12. a3 Bxc3 13. bxc3 Na5 14. Ba2
Nd6 15. Re1 Nac4 16. Bc1 Re8 17. g4 Bg6 18. Ne5 Nxe5 19. dxe5 Ne4 20. Qxd8
Raxd8 21. f4 Nxc3 22. f5 Rd3 23. Kg2 1-0

[Event "26. Copenhagen Open  (Politiken Cup)"]
[Site "Taastrup"]
[Date "2004.07.24"]
[Round "1"]
[White "Moberg, Jan Rune"]
[Black "Tidman, Sophie E"]
[Result "0-1"]
[WhiteElo "1525"]
[BlackElo "2133"]
[PlyCount "81"]
[EventDate "2004.07.24"]
[EventType "swiss"]
[EventRounds "10"]
[EventCountry "DEN"]
[SourceDate "2004.01.01"]

1. d4 e6 2. g3 Nf6 3. Bg2 c5 4. Nf3 Nc6 5. c4 cxd4 6. Nxd4 Ne5 7. Qb3 Bc5 8.
Nc2 Qc7 9. O-O Nxc4 10. Nba3 Nxa3 11. Nxa3 O-O 12. Bf4 e5 13. Nb5 Qb6 14. Bd2
d6 15. Na3 Qxb3 16. axb3 Be6 17. Nc4 Bd5 18. Bxd5 Nxd5 19. e4 Nb6 20. Ne3 Rad8
21. Ba5 Rd7 22. Rad1 g6 23. Bxb6 axb6 24. Nd5 f5 25. b4 Bd4 26. Rxd4 exd4 27.
Nxb6 Re7 28. exf5 Rxf5 29. Rd1 Re2 30. f4 Rh5 31. Rxd4 Rhxh2 32. Rxd6 Reg2+ 33.
Kf1 Rxb2 34. Kg1 Rhc2 35. Rd1 Rxb4 36. Nd5 Rbb2 37. Nf6+ Kg7 38. Ng4 Rg2+ 39.
Kf1 Rxg3 40. Rd7+ Kf8 41. Rf7+ 0-1

[Event "26. Copenhagen Open  (Politiken Cup)"]
[Site "Taastrup"]
[Date "2004.07.24"]
[Round "1"]
[White "Mortensen, Jan T"]
[Black "Lie, Kjetil A"]
[Result "0-1"]
[WhiteElo "2028"]
[BlackElo "2459"]
[PlyCount "54"]
[EventDate "2004.07.24"]
[EventType "swiss"]
[EventRounds "10"]
[EventCountry "DEN"]
[SourceDate "2004.01.01"]

1. Nf3 Nf6 2. g3 g6 3. Bg2 Bg7 4. O-O O-O 5. d3 d6 6. e4 c5 7. Na3 Nc6 8. c3
Rb8 9. Qe2 b5 10. Bf4 b4 11. Nc4 Ba6 12. Rfe1 bxc3 13. bxc3 Nd7 14. e5 Bxc4 15.
exd6 e5 16. Bg5 f6 17. dxc4 fxg5 18. Qd2 Nb6 19. Nxg5 Bh6 20. f4 Bxg5 21. fxg5
Na5 22. Rad1 Qd7 23. Rxe5 Naxc4 24. Bd5+ Kh8 25. Bxc4 Nxc4 26. Re7 Nxd2 27.
Rxd7 Nf3+ 0-1

[Event "26. Copenhagen Open  (Politiken Cup)"]
[Site "Taastrup"]
[Date "2004.07.24"]
[Round "1"]
[White "Nielsen, Max"]
[Black "Moller, Frederik Oest"]
[Result "1-0"]
[WhiteElo "2259"]
[BlackElo "1832"]
[PlyCount "89"]
[EventDate "2004.07.24"]
[EventType "swiss"]
[EventRounds "10"]
[EventCountry "DEN"]
[SourceDate "2004.01.01"]

1. e4 c5 2. Nf3 d6 3. d4 cxd4 4. Nxd4 Nf6 5. Nc3 g6 6. Be3 Bg7 7. f3 O-O 8. Qd2
Nc6 9. Bc4 Bd7 10. O-O-O Rc8 11. Bb3 Na5 12. h4 Nc4 13. Bxc4 Rxc4 14. h5 Re8
15. hxg6 fxg6 16. g4 Qa5 17. Nb3 Qa6 18. e5 Nxg4 19. fxg4 Bxg4 20. Rdg1 dxe5
21. Rh2 Rec8 22. Bh6 Bh8 23. Rf2 Bf6 24. Bg5 Qe6 25. Bxf6 exf6 26. Qd5 Kf7 27.
Qxb7+ R8c7 28. Qh1 h5 29. Nd5 Bf5 30. Nxc7 Rxc7 31. Rd1 Kg7 32. Rfd2 a5 33. Qa8
Rc6 34. Qa7+ Kh6 35. Qe3+ g5 36. Kb1 h4 37. Nxa5 Ra6 38. Nb3 h3 39. a3 Rb6 40.
Nc5 Qc4 41. b3 Rb5 42. b4 Kg6 43. Rf2 g4 44. Kb2 Rb8 45. Rdf1 1-0

[Event "26. Copenhagen Open  (Politiken Cup)"]
[Site "Taastrup"]
[Date "2004.07.24"]
[Round "1"]
[White "Norton, Craig"]
[Black "Sondergaard, Bent Hvid"]
[Result "1-0"]
[WhiteElo "2108"]
[BlackElo "1488"]
[PlyCount "59"]
[EventDate "2004.07.24"]
[EventType "swiss"]
[EventRounds "10"]
[EventCountry "DEN"]
[SourceDate "2004.01.01"]

1. d4 d5 2. Nf3 c6 3. Bf4 Nf6 4. e3 Bf5 5. c4 e6 6. Nc3 a6 7. c5 Be7 8. Qb3 Qc8
9. Be2 h6 10. h3 Nbd7 11. Na4 a5 12. Ne5 O-O 13. g4 Bh7 14. g5 hxg5 15. Bxg5
Ra7 16. Rg1 Re8 17. Bh6 Bf8 18. Nb6 Nxb6 19. Qxb6 Ra8 20. Qb3 Nd7 21. Bd3 Bxd3
22. Qxd3 Nxe5 23. dxe5 Kh8 24. Qd4 g6 25. Qh4 Bxh6 26. Qxh6+ Kg8 27. Rxg6+ fxg6
28. Qxg6+ Kh8 29. Qh6+ Kg8 30. Ke2 1-0

[Event "26. Copenhagen Open  (Politiken Cup)"]
[Site "Taastrup"]
[Date "2004.07.24"]
[Round "1"]
[White "Olsen, Peter Erik"]
[Black "Lavrsen, Frands Winther"]
[Result "1-0"]
[WhiteElo "2243"]
[BlackElo "1772"]
[PlyCount "71"]
[EventDate "2004.07.24"]
[EventType "swiss"]
[EventRounds "10"]
[EventCountry "DEN"]
[SourceDate "2004.01.01"]

1. d4 Nf6 2. c4 g6 3. Nc3 d5 4. cxd5 Nxd5 5. e4 Nxc3 6. bxc3 Bg7 7. Be3 O-O 8.
Qd2 c5 9. d5 Qa5 10. Rc1 Rd8 11. Nf3 Nd7 12. c4 Qa3 13. Bd3 Nb6 14. O-O Bg4 15.
Ng5 Na4 16. h3 Bd7 17. f4 Nb2 18. Be2 Rac8 19. f5 h6 20. fxg6 hxg5 21. gxf7+
Kf8 22. Bxg5 Qg3 23. Bf4 Qg6 24. Rf3 Qxe4 25. Kh1 Be6 26. Bh6 Qh7 27. Bxg7+
Qxg7 28. Rcf1 Rd6 29. Rb1 Nxc4 30. Bxc4 Bxf7 31. Rbf1 Rf6 32. d6 Bxc4 33. dxe7+
Kxe7 34. Rxf6 Bxf1 35. Qd6+ Ke8 36. Re6+ 1-0

[Event "26. Copenhagen Open  (Politiken Cup)"]
[Site "Taastrup"]
[Date "2004.07.24"]
[Round "1"]
[White "Olsson, Tomas"]
[Black "Schonberg, Pauli"]
[Result "1-0"]
[WhiteElo "2099"]
[BlackElo "1421"]
[PlyCount "39"]
[EventDate "2004.07.24"]
[EventType "swiss"]
[EventRounds "10"]
[EventCountry "DEN"]
[SourceDate "2004.01.01"]

1. e4 b6 2. d4 Bb7 3. Nc3 e6 4. Nf3 Bb4 5. Bd3 Nc6 6. O-O Bxc3 7. bxc3 h6 8. d5
Nce7 9. c4 c5 10. Bb2 f6 11. Nh4 h5 12. Be2 g6 13. d6 Nc6 14. Nxg6 Rh7 15. Bxh5
Rf7 16. Nh8 Nh6 17. Qd2 Ne5 18. Qxh6 Bxe4 19. Bxe5 fxe5 20. Bxf7# 1-0

[Event "26. Copenhagen Open  (Politiken Cup)"]
[Site "Taastrup"]
[Date "2004.07.24"]
[Round "1"]
[White "Pedersen, Audun"]
[Black "Mortensen, Erling"]
[Result "1/2-1/2"]
[WhiteElo "2034"]
[BlackElo "2455"]
[PlyCount "83"]
[EventDate "2004.07.24"]
[EventType "swiss"]
[EventRounds "10"]
[EventCountry "DEN"]
[SourceDate "2004.01.01"]

1. d4 Nf6 2. c4 c5 3. d5 b5 4. cxb5 a6 5. bxa6 Bxa6 6. Nc3 g6 7. e4 Bxf1 8.
Kxf1 d6 9. g3 Bg7 10. Kg2 O-O 11. h3 Nbd7 12. Nf3 Ra6 13. Qe2 Qa8 14. Rd1 Nb6
15. Nd2 Rb8 16. Rb1 Na4 17. Nxa4 Rxa4 18. a3 Nd7 19. b3 Ra7 20. Nc4 Rab7 21.
Qc2 Ne5 22. Nxe5 Bxe5 23. Rd3 Qa6 24. Rd1 Rb6 25. b4 cxb4 26. axb4 Rc8 27. Qd3
Qc4 28. b5 Qa4 29. Bb2 Rxb5 30. Bxe5 Rxb1 31. Rxb1 dxe5 32. Rb7 Re8 33. Rc7 Kg7
34. g4 h6 35. Qc4 Qxc4 36. Rxc4 Ra8 37. Rc7 Kf6 38. h4 Ra4 39. f3 e6 40. Rc6
Ke7 41. dxe6 f6 42. Kg3 1/2-1/2

[Event "26. Copenhagen Open  (Politiken Cup)"]
[Site "Taastrup"]
[Date "2004.07.24"]
[Round "1"]
[White "Pedersen, Gunnar"]
[Black "Onstad, Lars H"]
[Result "1/2-1/2"]
[WhiteElo "2251"]
[BlackElo "1778"]
[PlyCount "92"]
[EventDate "2004.07.24"]
[EventType "swiss"]
[EventRounds "10"]
[EventCountry "DEN"]
[SourceDate "2004.01.01"]

1. d4 Nf6 2. Nf3 e6 3. c4 d5 4. Nc3 Be7 5. Bg5 O-O 6. e3 a6 7. Rc1 Re8 8. Bd3
h6 9. Bh4 Nbd7 10. O-O dxc4 11. Bxc4 b5 12. Bd3 Bb7 13. Qe2 c5 14. Bb1 Rc8 15.
a3 b4 16. axb4 cxb4 17. Na4 Qa5 18. b3 Rc6 19. e4 Rec8 20. Rcd1 Nb6 21. Ne5
R6c7 22. Nxb6 Qxb6 23. Nc4 Qb5 24. e5 Ne8 25. Bxe7 Rxe7 26. Qd3 g6 27. Qh3 Kg7
28. Qh4 Rd7 29. Rd3 Bd5 30. Rh3 h5 31. Qg5 Kf8 32. g4 Ng7 33. Nd6 Rxd6 34. exd6
Rc3 35. Qd8+ Qe8 36. Qxe8+ Kxe8 37. Rxc3 bxc3 38. Rc1 Kd7 39. Rxc3 Kxd6 40. b4
hxg4 41. Bd3 Nf5 42. Bxf5 gxf5 43. Ra3 Bc4 44. Kg2 Kd5 45. f3 Kxd4 46. Kg3 Be2
1/2-1/2

[Event "26. Copenhagen Open  (Politiken Cup)"]
[Site "Taastrup"]
[Date "2004.07.24"]
[Round "1"]
[White "Pedersen, Kaj Vinding"]
[Black "Skovgaard, Peter Nicolai"]
[Result "0-1"]
[WhiteElo "1496"]
[BlackElo "2116"]
[PlyCount "72"]
[EventDate "2004.07.24"]
[EventType "swiss"]
[EventRounds "10"]
[EventCountry "DEN"]
[SourceDate "2004.01.01"]

1. d4 Nf6 2. Nf3 g6 3. g3 Bg7 4. Bg2 O-O 5. O-O d5 6. Nbd2 Nbd7 7. Rb1 c5 8.
dxc5 Nxc5 9. b4 Nce4 10. Bb2 e6 11. c4 a5 12. Qa4 Bd7 13. b5 Nc5 14. Qd1 Qe8
15. a4 Rd8 16. cxd5 Nxd5 17. Ne5 Nb6 18. Qc2 Ncxa4 19. Nxd7 Qxd7 20. Bxg7 Kxg7
21. Rfd1 Rc8 22. Nc4 Rxc4 23. Qxc4 Qxd1+ 24. Rxd1 Nxc4 25. Bxb7 Nc3 26. Ra1
Nxb5 27. Ba6 Nbd6 28. Ra4 Nb6 29. Rxa5 Ra8 30. Ra2 Kf6 31. Rd2 Ne4 32. Rd4 Ke5
33. e3 Rxa6 34. f4+ Kf5 35. g4+ Kxg4 36. Rxe4 Kf3 0-1

[Event "26. Copenhagen Open  (Politiken Cup)"]
[Site "Taastrup"]
[Date "2004.07.24"]
[Round "1"]
[White "Pedersen, Steen Guldager"]
[Black "Larsen, Karsten"]
[Result "1/2-1/2"]
[WhiteElo "1954"]
[BlackElo "2302"]
[PlyCount "62"]
[EventDate "2004.07.24"]
[EventType "swiss"]
[EventRounds "10"]
[EventCountry "DEN"]
[SourceDate "2004.01.01"]

1. e4 e5 2. Nf3 Nc6 3. Bb5 a6 4. Ba4 Nf6 5. O-O b5 6. Bb3 Bc5 7. c3 d6 8. d4
Bb6 9. dxe5 Nxe5 10. Nxe5 dxe5 11. Qxd8+ Kxd8 12. Bxf7 Bb7 13. Bg5 Ke7 14. Bd5
c6 15. Bb3 Rad8 16. Nd2 h6 17. Bxf6+ Kxf6 18. Nf3 c5 19. Bc2 Rd6 20. Rfd1 Rhd8
21. Rxd6+ Rxd6 22. Kf1 c4 23. Re1 g5 24. h3 Ke6 25. Re2 Rd8 26. Rd2 Rf8 27. Nh2
a5 28. f3 h5 29. Ke2 Bc6 30. Nf1 h4 31. Ne3 Bxe3 1/2-1/2

[Event "26. Copenhagen Open  (Politiken Cup)"]
[Site "Taastrup"]
[Date "2004.07.24"]
[Round "1"]
[White "Peschardt, Soren"]
[Black "Overmark, Ole"]
[Result "1-0"]
[WhiteElo "2200"]
[BlackElo "1653"]
[PlyCount "67"]
[EventDate "2004.07.24"]
[EventType "swiss"]
[EventRounds "10"]
[EventCountry "DEN"]
[SourceDate "2004.01.01"]

1. d4 Nf6 2. g3 d5 3. Bg2 Bf5 4. Nf3 e6 5. O-O c5 6. c4 Bd6 7. Bg5 h6 8. Bxf6
Qxf6 9. Nc3 Nd7 10. cxd5 e5 11. dxe5 Nxe5 12. Nxe5 Qxe5 13. e4 Bd7 14. f4 Qd4+
15. Kh1 O-O 16. e5 Bc7 17. Qe2 Ba5 18. Rad1 Qb4 19. f5 Qb6 20. Qc2 Rac8 21. f6
Bg4 22. Rde1 Bh5 23. fxg7 Kxg7 24. Rf6 Qd8 25. Qf5 Bg6 26. Qf4 Bxc3 27. bxc3
Qa5 28. Qd2 b5 29. h4 h5 30. Be4 Rh8 31. Bxg6 fxg6 32. Qg5 Rh6 33. Ref1 Rc7 34.
e6 1-0